000 00928nam a22002897a 4500
005 20110614100934.0
008 110614t xxu||||| |||| 00| 0 eng d
010 _aENG-102596
020 _a817197178x
_c600.00
035 _aEN-86129
037 _bDBAD / PUB
040 _adpl
_bEnglish
082 _a370.954
100 _928493
_aThakur, A. S.
110 _928532
245 _aEducation in emerging Indian society /
_cby A. S. Thakur [and] Sandeep Berwal
260 _aNoida
_bMayur Paperbacks
_c2007
270 _aA-95, Sector -5
_bNoida
_e201301
300 _axvi,568 p.
_c22cm (pbk)
610 _928529
650 _928580
651 _928530
700 _928520
_aBerwal, Sandeep
710 _928535
942 _2ddc
_cEN
_mTHA
_h370.954
999 _c52862
_d52862